Estado, desarrollo económico y proletariado (Record no. 210309)

MARC details
000 -CABECERA
campo de control de longitud fija 00713cam a22002177a 4500
003 - IDENTIFICADOR DEL NÚMERO DE CONTROL
campo de control MX-MxUPN
005 - FECHA Y HORA DE LA ÚLTIMA TRANSACCIÓN
campo de control 20231019133954.0
008 - ELEMENTOS DE LONGITUD FIJA--INFORMACIÓN GENERAL
campo de control de longitud fija 230913s1976 mx| |||fr|||| 000 0 spa d
040 ## - FUENTE DE LA CATALOGACIÓN
Centro catalogador/agencia de origen MX-MxUPN
Lengua de catalogación spa
050 #4 - SIGNATURA TOPOGRÁFICA DE LA BIBLIOTECA DEL CONGRESO
Número de clasificación HC135
Número de documento/Ítem P46 1976
100 1# - ASIENTO PRINCIPAL--NOMBRE PERSONAL
9 (RLIN) 28606
Nombre de persona Peña, Sergio de la,
Fechas asociadas al nombre 1931-1998
245 ## - MENCIÓN DE TÍTULO
Título Estado, desarrollo económico y proletariado
250 ## - MENCIÓN DE EDICIÓN
Mención de edición Primera edición
260 ## - PUBLICACIÓN, DISTRIBUCIÓN, ETC.
Lugar de publicación, distribución, etc. Puebla, México :
Nombre del editor, distribuidor, etc. Universidad Autónoma de Puebla,
Fecha de publicación, distribución, etc. 1976
300 ## - DESCRIPCIÓN FÍSICA
Extensión 35 páginas
490 0# - MENCIÓN DE SERIE
Mención de serie Serie controversia ;
Designación de volumen o secuencia 14
650 #0 - ASIENTO SECUNDARIO DE MATERIA - TERMINO TEMATICO
9 (RLIN) 1840
Término de materia o nombre geográfico como elemento de entrada Capitalismo
Subdivisión geográfica México
Subdivisión general Historia
651 #0 - ASIENTO SECUNDARIO DE MATERIA - NOMBRE GEOGRAFICO
9 (RLIN) 3315
Nombre geográfico México
Subdivisión general Condiciones económicas
Subdivisión cronológica Siglo XX
902 ## - ELEMENTOS DE DATOS B LOCAL, LDB (RLIN)
Creó GCH130923
Modificó VíctorGodínez/191023
942 ## - ELEMENTOS DE PUNTO DE ACCESO ADICIONAL (KOHA)
Fuente del sistema de clasificación o colocación Library of Congress Classification
Tipo de ítem Koha Folleto
Holdings
Estado de retiro Estado de pérdida Fuente del sistema de clasificación o colocación Estado dañado No para préstamo Código de colección Localización permanente Ubicación/localización actual Ubicación en estantería Fecha de adquisición Clasificación Código de barras Fecha visto por última vez Tipo de ítem Koha
    Library of Congress Classification   Disponible (Préstamo en sala) Folletería Bib. Gregorio Torres Quintero Bib. Gregorio Torres Quintero Colecciones especiales Planta alta 13/09/2023 HC135 P46 1976 337256 13/09/2023 Folleto